000 00420nam a22001457a 4500
005 20251108171213.0
008 250721s1992 xx 000 0 ara d
082 1 4 _aم/332.606/سوق
245 1 0 _aالتقرير السنوي عدد 15 -1992 /
264 1 _aعمان :
_bسوق عمان المالي،
_c1992.
650 1 7 _aسوق عمان المالي
650 1 7 _aتقرير
942 _2ddc
_cREF
999 _c59269
_d59269